000 00523nam a2200193Ia 4500
003 GCL
008 140319s9999 xx 000 0 eng d
040 _aGCL /
_cGCL
082 0 4 _a658.4012
_bH S
100 1 _aHUNGEN, J. DAVID
245 1 0 _aSTRATEGIC MANAGEMENT /
_cHUNGEN, J. DAVID
700 1 _aWHEELEN, THOMAS L
260 _a[S.N] :
_bADDISON - WESLEY PUBLISHING COMPANY ،
_c1995
300 _a441 P
650 0 4 _aMANAGEMENT
650 0 4 _aSTRATEGIC PLANNING
650 0 4 _aMANAGEMENT - BASICS
942 _2ddc
_cBK
999 _c12955
_d12955